| 000 | 00409nam a2200157Ia 4500 | ||
|---|---|---|---|
| 008 | 230917s9999||||xx |||||||||||||| ||und|| | ||
| 040 |
_e215776 _aMAIN |
||
| 041 | _aEnglish | ||
| 082 | _a657.48 N164F(4) | ||
| 100 | _aNarayanaswamy, R | ||
| 245 | 0 | _aFinancial accounting: a managerial perspective | |
| 250 | _a4th ed. | ||
| 260 |
_aNew Delhi _bPHI Learning _c2011 |
||
| 300 | _axxiv, 680 p. | ||
| 942 | _cBK | ||
| 999 |
_c177214 _d177214 |
||